LEADER 00972nam0-2200313 --450 001 9910278559603321 005 20180712101004.0 010 $a978-88-575-4158-7 100 $a20180712d2017----kmuy0itay5050 ba 101 1 $aita$ceng 102 $aIT 105 $a 001yy 200 1 $a<>diari di Raqqa$evita quotidiana sotto l'ISIS$fSamer$ga cura di Giampaolo Cadalanu$gillustrazioni di Scott Coello 210 $aMilano$aUdine$cMimesis$d2017 215 $a112 p.$cill.$d20 cm 300 $aTraduzione di Giampaolo Cadalanu, Serena Grassia 610 0 $aGuerra civile$aSiria$a2011-2014$aMemorie 676 $a956.91042$v23$zita 700 0$aSamer$0750563 702 1$aCoello,$bScott 702 1$aCadalanu,$bGiampaolo 702 1$aGrassia,$bSerena 801 0$aIT$bUNINA$gREICAT$2UNIMARC 901 $aBK 912 $a9910278559603321 952 $aXIV E 4373$b203/2018$fFSPBC 959 $aFSPBC 996 $aDiari di Raqqa$91509947 997 $aUNINA LEADER 01187nam0 22002891i 450 001 UON00276418 005 20231205103817.942 100 $a20060504d1985 |0itac50 ba 101 $aeng 102 $aKR 105 $a|||| 1|||| 200 1 $aGuide to the Korean film studio$dGuide des studios de cinéma artistique de Corée 205 $aPyongyang : Foreign Language Publishing House$b1985 210 $a[12] c. int. illustrate$a23 cm 215 $aSulla copertina$cChoson Yonghwua 510 1$3UON00375554$aGuide des studios de cinéma artistique de Corée 510 1$3UON00375555$aChoson Yonghwua 606 $aCinema coreano$3UONC000397$2FI 620 $dPyongyang$3UONL000199 686 $aCOR IX H$cCOREA - ARTI - MUSICA, TEATRO, CINEMA, DANZA$2A 712 $aForeign Languages Press$3UONV246351$4650 801 $aIT$bSOL$c20251121$gRICA 899 $aSIBA - SISTEMA BIBLIOTECARIO DI ATENEO$2UONSI 912 $aUON00276418 950 $aSIBA - SISTEMA BIBLIOTECARIO DI ATENEO$dSI COR IX H 023 $eSI SA 43944 7 023 996 $aGuide to the Korean film studio$91241647 997 $aUNIOR